Novák András kiállítása Kaposvárott

Elmentve itt :
Bibliográfiai részletek
Dokumentumtípus: Cikk
Megjelent: 1981-06-06
Sorozat:Délmagyarország 71 No. 131
Kulcsszavak:Novák András
Online Access:http://dmarchiv.bibl.u-szeged.hu/97975
LEADER 00412nab a2200145 i 4500
001 delm97975
005 20190618091943.0
008 190618s1981 hu o 0|| hun d
040 |a SZTE Délmagyarország Archívum  |b hun 
041 |a hun 
245 0 0 |a Novák András kiállítása Kaposvárott  |h [elektronikus dokumentum] 
260 |c 1981-06-06 
300 |a 10 
490 0 |a Délmagyarország  |v 71 No. 131 
695 |a Novák András